Elementary functional analysis (Record no. 2031)

MARC details
000 -LEADER
fixed length control field 00442 a2200169 4500
001 - CONTROL NUMBER
control field 068348
003 - CONTROL NUMBER IDENTIFIER
control field OSt
005 - DATE AND TIME OF LATEST TRANSACTION
control field 20220216143428.0
008 - FIXED-LENGTH DATA ELEMENTS--GENERAL INFORMATION
fixed length control field
082 ## - DEWEY DECIMAL CLASSIFICATION NUMBER
Classification number 517.5
Item number M11E
100 1# - MAIN ENTRY--PERSONAL NAME
Personal name Maccluer, Barbara D.
245 1# - TITLE STATEMENT
Title Elementary functional analysis
Statement of responsibility, etc by Barbara D. Maccluer
260 ## - PUBLICATION, DISTRIBUTION, ETC. (IMPRINT)
Place of publication, distribution, etc New York
Name of publisher, distributor, etc Springer
Date of publication, distribution, etc 2009
300 ## - PHYSICAL DESCRIPTION
Extent 207p.
653 ## - INDEX TERM--UNCONTROLLED
Uncontrolled term Functional analysis; Mathematics
942 ## - ADDED ENTRY ELEMENTS (KOHA)
Source of classification or shelving scheme Dewey Decimal Classification
Koha item type Books
Holdings
Withdrawn status Lost status Source of classification or shelving scheme Damaged status Not for loan Collection code Home library Current library Date acquired Source of acquisition Cost, normal purchase price Full call number Barcode Date last seen Price effective from Koha item type
    Dewey Decimal Classification     General Text Book Central University Of Rajasthan Central University Of Rajasthan 07/03/2012 MTH 2143.00 517.5 M11E 2635 21/11/2024 02/09/2020 Books